[Event "POL-ch Women MOKATE 2020"]
[Site "Ostrow Wielkopolski"]
[Date "2020.08.04"]
[Round "1.1"]
[White "Cyfka, Karina"]
[Black "Kubicka, Anna"]
[Result "1/2-1/2"]
[WhiteElo "2411"]
[BlackElo "2256"]
[Annotator "TA"]
[PlyCount "88"]
[EventDate "2020.08.04"]
[EventType "tourn"]
[EventCountry "POL"]
[SourceTitle "playchess.com"]
[Source "ChessBase"]
[SourceQuality "1"]

{[%evp 19,88,10,10,0,0,0,0,0,0,0,24,2,46,40,77,0,42,22,34,19,15,-16,36,28,52,32,106,59,85,8,18,-7,0,0,0,-47,-45,-44,-37,-72,-70,-71,-37,-37,-41,-49,-49,-45,-33,-41,-39,-62,-56,-63,-50,-93,-91,-104,-85,-121,-63,-167,-158,-162,-79,-76,0,-160,0,-70,0]} 1. e4 c5 2. Nf3 d6 3. Bb5+ Bd7 4. Bxd7+ Qxd7 5. O-O Nc6 6. c3 Nf6 7. d4 Nxe4 8. d5 Ne5 9. Re1 Nxf3+ 10. Qxf3 Nf6 11. c4 {B52: Sicilian: Moscow Variation with 3...Bd7.} Qg4 12. Qb3 Qd7 13. Qf3 {The position is equal.} Qg4 14. Qc3 Qf5 {[#]} 15. h3 $146 ({Predecessor:} 15. Na3 a6 16. Rb1 Ng4 17. Re2 Ne5 18. b4 b6 19. bxc5 bxc5 20. f4 Ng6 21. Rb7 f6 22. Qe3 Qc8 23. Reb2 {1-0 (37) Fechner,J (2288)-De Lillo,M (2272) ICCF email 2012}) 15... h5 16. Na3 a6 17. Qb3 (17. b4 $16) 17... Qd7 18. Qf3 e5 19. dxe6 fxe6 20. Qe2 Kf7 ({Black should try} 20... e5 $11) 21. Bg5 $14 {[%mdl 1024] White has compensation.} Be7 22. Rad1 g6 (22... Rhe8 $14) 23. Rd3 Rhf8 24. Re3 (24. Nb1 $16) 24... e5 25. Nc2 Rae8 26. Rg3 Ng8 27. Qe4 {[#] aiming for Bh6.} Bxg5 28. Rxg5 Re6 29. Re3 Ne7 30. Rf3+ Kg7 31. Rxf8 Kxf8 32. Qf3+ Ke8 33. Ne3 Nc6 34. Nd5 {Hoping for Nf6+.} Qf7 35. Qe4 Kf8 36. Rg3 {And now Rf3 would win.} Nd4 37. a3 Qf5 $36 {[%mdl 2048] Black has strong initiative.} 38. Qe3 Kg7 39. Kh2 Re8 (39... b5 $17 40. b3 Qb1 41. cxb5 axb5) 40. Rg5 {[#]} (40. b4 $15) 40... Qf7 $1 $19 41. Qe4 Kh6 (41... b5 $19 {is more deadly.} 42. cxb5 axb5) 42. Qe3 $17 {Threatening mate with Rxh5+!} Kg7 ({Better is} 42... Kh7 43. Qd3 Kh6) 43. Qe4 $1 Kh6 (43... b5 $17 44. cxb5 axb5) 44. Qe3 $1 $15 {Intending Rxh5+! and mate.} Kg7 {Accuracy: White = 68%, Black = 59%.} ({Black should play} 44... Kh7 $15 45. Qe4 Kh6) 1/2-1/2

[Event "POL-ch Women MOKATE 2020"]
[Site "Ostrow Wielkopolski"]
[Date "2020.08.04"]
[Round "1.2"]
[White "Kulon, Klaudia"]
[Black "Kucharska, Honorata"]
[Result "1-0"]
[WhiteElo "2336"]
[BlackElo "2113"]
[Annotator "TA"]
[PlyCount "138"]
[EventDate "2020.08.04"]
[EventType "tourn"]
[EventCountry "POL"]
[SourceTitle "playchess.com"]
[Source "ChessBase"]
[SourceQuality "1"]

{[%evp 9,138,-2,0,0,11,0,2,-11,-4,-29,-31,-42,-16,-26,0,0,0,0,0,0,0,0,12,7,22,18,23,33,35,-4,68,56,80,72,143,132,136,136,128,135,158,93,81,58,48,52,50,50,85,87,98,83,94,93,93,87,93,47,63,56,102,102,106,108,106,105,118,112,123,131,134,149,227,134,131,114,143,143,143,143,143,89,89,89,241,241,233,89,134,141,192,181,172,183,170,145,293,293,293,293,282,282,266,227,227,227,227,209,209,209,209,209,209,192,209,209,209,209,209,209,209,209,209,209,209,209,925,907,29987,29988,29993]} 1. d4 d5 2. Bf4 c5 3. e3 Nc6 4. Nf3 Bf5 5. c3 e6 6. Nbd2 {D00: 1 d4 d5: Unusual lines.} Qb6 7. Qb3 c4 8. Qxb6 {The position is equal.} axb6 9. a3 {[#]} f6 $146 ({Predecessor:} 9... b5 10. Rc1 h6 11. Be2 Nf6 12. Ne5 Be7 13. g4 Bh7 14. h3 O-O 15. Ndf3 Ne4 {1-0 (56) Moskalenko,A (2490)-Volkov,S (2609) St Petersburg 2016}) 10. h4 h5 11. Be2 Nge7 12. O-O b5 13. Rfe1 Ng6 14. Bg3 Kd7 15. Bf1 Nge7 16. e4 dxe4 17. Nxe4 Nd5 18. Nfd2 $36 {[%mdl 2048] White has the initiative.} Be7 19. a4 bxa4 (19... Rxa4 $11 20. Rxa4 bxa4) 20. Bxc4 $14 Bxe4 21. Nxe4 f5 (21... Ra5 $142) 22. Nc5+ $1 $16 Bxc5 23. dxc5 Ra5 24. Bd6 b5 25. Bxd5 (25. Be2 $142) 25... exd5 26. Rad1 Re8 $1 27. Rxe8 Kxe8 28. Rxd5 $14 {[%mdl 4096] Endgame KRB-KRN} g6 29. Bf4 b4 30. cxb4 Nxb4 31. Rd4 $1 {[%cal Rd4b4]} Nc6 32. Rc4 Kd7 33. Bd2 Ra8 34. Rc3 Ke6 35. Rg3 $1 {[%cal Rg3g6]} Kf7 36. Ra3 $1 Nd4 37. Rd3 Rd8 38. Kf1 Nc6 39. Ke2 Ke6 40. Be3 Rd5 {[#]} (40... Rxd3 $16 41. Kxd3 Kd5) 41. Rc3 (41. g3 $1 $18) 41... Rd8 {[#]} 42. Ra3 $1 Rb8 43. Rxa4 Rxb2+ 44. Kf3 Rb4 45. Ra6 ({White should try} 45. Rxb4 Nxb4 46. Kf4) 45... Kd5 $16 46. g3 Ne5+ $2 (46... Re4 $16 {was worth a try.}) 47. Kg2 $18 Nc6 48. Ra8 (48. Ra2 $18 {has better winning chances.}) 48... Rb8 49. Ra1 Ke6 (49... Ke4 $16 50. Ra6 Kd5) 50. Kf3 Rb4 51. Rd1 {Threatens to win with Rd6+.} Ne5+ 52. Kg2 {Strongly threatening Bf4.} Nf7 (52... Rc4 $16 53. Rd2 Ke7) 53. Ra1 Ne5 54. Ra6+ Kf7 55. c6 {aiming for c7.} Rc4 56. Ra7+ Ke6 57. c7 Kd7 58. Bb6 Nc6 59. Ra8 ({Don't play} 59. c8=R+ $6 Kxc8 60. Rc7+ Kb8 $16) 59... Ne7 {If only Black now had time for ...Nc8....} 60. Rd8+ Ke6 61. Ba5 Rc5 62. Re8 {Hoping for Rxe7+!} Rc6 63. Kf1 Kf7 64. Ra8 Ke6 65. Ke2 Kd7 66. Rd8+ Ke6 67. Kd3 Rc1 $2 (67... Rc5 68. Re8 Rc6) 68. Bc3 {And now Re8! would win.} Rf1 {[#]} 69. Re8 $1 Kd5 {Accuracy: White = 83%, Black = 68%.} 1-0

[Event "POL-ch Women MOKATE 2020"]
[Site "Ostrow Wielkopolski"]
[Date "2020.08.04"]
[Round "1.3"]
[White "Sliwicka, Alicja"]
[Black "Majdan, Joanna"]
[Result "1/2-1/2"]
[WhiteElo "2317"]
[BlackElo "2325"]
[Annotator "TA"]
[PlyCount "64"]
[EventDate "2020.08.04"]
[EventType "tourn"]
[EventCountry "POL"]
[SourceTitle "playchess.com"]
[Source "ChessBase"]
[SourceQuality "1"]

{[%evp 14,64,39,37,25,0,-9,-21,-12,-14,-18,-18,12,18,15,0,17,11,6,-30,-22,0,0,-39,-20,-50,-54,-39,-47,-75,-75,-66,-61,-52,-21,-24,-30,-28,-18,-28,0,0,0,-119,-86,-85,-58,-59,-8,-25,-18,-11,-4]} 1. e4 e6 2. Nc3 d5 3. d4 dxe4 4. Nxe4 Nf6 5. Bg5 Be7 6. Bxf6 gxf6 7. Nf3 f5 8. Nc3 {[%cal Be4c3,Bc3a4,Ba4c5][%mdl 32]} a6 {C13: French: Classical System: 4 Bg5 Be7, Alekhine-Chatard Attack.} 9. Be2 Qd6 10. Qd2 Nd7 11. O-O-O b5 {[%cal Bb7b5,Bb5b4][%mdl 32]} 12. Qe3 {[#]} b4 $146 ({Predecessor:} 12... Bb7 13. Ne5 Nxe5 14. dxe5 Qc5 15. Qg3 Kf8 16. Bf3 Rg8 17. Qh3 Bxf3 18. Qxf3 Kg7 {½-½ (59) Krivoborodov,E (2502)-Poetsch,H (2446) Vienna 2013}) 13. Na4 Bb7 14. Ne5 Bd5 15. Bf3 Rd8 16. Nxd7 {Black must now prevent Ne5.} Qxd7 (16... Rg8 {is interesting.} 17. Kb1 Bxf3 18. gxf3 Qxd7 19. b3 Qc6) 17. Nc5 {[%mdl 64] Double Attack} Qc6 18. Bxd5 (18. Bh5 {with more complications.} Rg8 19. Rhg1 Rg7 20. Kb1 Kf8 21. g4) 18... Rxd5 19. Nb3 a5 {[%cal Ba6a5,Ba5a4][%mdl 32]} 20. Kb1 a4 21. Nd2 Bf6 22. Nf3 Qd6 23. Rd3 Ke7 24. c4 bxc3 $1 25. Rxc3 f4 26. Qe4 Rb8 {[%cal Rf6d4]} 27. Rhc1 c5 $1 28. Qc2 ({Avoid the trap} 28. dxc5 $2 Rxc5 $1 {[%mdl 512]} 29. R3c2 (29. Rxc5 Rxb2+ {[%mdl 64] Double Attack} 30. Ka1 Re2+ 31. Qe5 Bxe5+ $19) 29... Bxb2 $1 $19 {[%mdl 512]}) (28. Rxc5 $11 Rxc5 29. Rxc5) 28... Rxd4 29. Nxd4 (29. Rxc5 $2 Rdb4 $1 $19 {[%mdl 512]}) 29... Qxd4 30. a3 (30. Ka1 {[#]} a3 $1 $17 {[%mdl 512]}) 30... Qxc3 ({Better is} 30... f3 $15 31. gxf3 Qxc3 32. Qxc3 Bxc3 33. Rxc3 Kd6) 31. Qxc3 $11 Bxc3 32. Rxc3 Rg8 {Accuracy: White = 70%, Black = 77%.} 1/2-1/2

[Event "POL-ch Women MOKATE 2020"]
[Site "Ostrow Wielkopolski"]
[Date "2020.08.04"]
[Round "1.4"]
[White "Zawadzka, Jolanta"]
[Black "Waszczuk, Patrycja"]
[Result "0-1"]
[WhiteElo "2419"]
[BlackElo "2321"]
[Annotator "TA"]
[PlyCount "102"]
[EventDate "2020.08.04"]
[EventType "tourn"]
[EventCountry "POL"]
[SourceTitle "playchess.com"]
[Source "ChessBase"]
[SourceQuality "1"]

{[%evp 18,102,15,6,5,15,16,15,15,17,24,27,30,25,29,34,24,19,58,18,30,17,18,20,27,9,14,0,0,0,17,-26,-18,-46,-36,-14,-12,-94,-85,-142,-129,-107,-105,-264,-256,-233,-252,-331,-302,-293,-148,-116,-154,-126,-139,-132,-113,-242,-115,-200,-214,-445,-433,-639,-519,-504,-510,-521,-526,-601,-593,-628,-624,-616,-616,-722,-720,-658,-588,-635,-583,-1710,-562,-1147,-570,-570,-545]} 1. e4 c5 2. Nf3 e6 3. d4 cxd4 4. Nxd4 Nc6 5. Nb5 d6 6. c4 Nf6 7. N1c3 a6 8. Nd4 Be7 9. Be2 O-O 10. O-O d5 {B44: Sicilian: Taimanov: 5 Nb5.} 11. cxd5 exd5 12. Nxc6 bxc6 {[#] The position is equal.} 13. exd5 $146 ({Predecessor:} 13. e5 Nd7 14. f4 Rb8 15. Kh1 f5 16. Na4 Nb6 17. Bf3 Nxa4 18. Qxa4 Qb6 19. Qc2 Be6 20. b3 {0-1 (46) Dueckstein,A (2340)-Cramling,P (2405) Zuerich 1984}) 13... cxd5 14. Bf3 {[%cal Rc3d5]} Be6 15. Be3 Rb8 16. b3 Qd7 17. Bd4 Rfc8 18. Na4 {Threatens to win with Nb6.} Qb7 19. Qe2 Ne4 20. Qb2 f6 21. Rfe1 Ng5 22. Be2 Bb4 23. Rec1 Bf5 24. a3 Bd6 25. b4 Ne6 26. Bf3 Kf8 ({Reject} 26... Nxd4 27. Qxd4 Kh8 28. Rxc8+ (28. Qxd5 Rxc1+ 29. Rxc1 Qxd5 $14) (28. Bxd5 Qb5 $11) 28... Rxc8 29. Qxd5 $14) 27. Bc3 (27. Rxc8+ $1 $11 Rxc8 28. Rd1) 27... Qb5 $36 {[%mdl 2048] ...d4 is the strong threat. Black is on the roll.} 28. Qb3 (28. Bxf6 $142 Qxa4 29. Bxg7+ $1 {[%mdl 576] Remove Defender, Decoy} Nxg7 30. Qf6+ Kg8 31. Qxd6) 28... d4 29. Bd2 d3 {And now ...Nd4 would win.} 30. Nc3 $2 (30. Rxc8+ $17 {was necessary.} Rxc8 31. Qd5) 30... Qe5 $19 31. g3 Nd4 32. Qd5 Qxd5 33. Bxd5 Nc2 (33... Be5 $19 34. Re1 Rd8 35. Rxe5 fxe5) 34. Ra2 $17 Be5 35. Na4 Bd4 36. Bf4 Rb5 37. Bb3 (37. Nc5 $17) 37... Ke7 (37... g5 $19 {and Black stays clearly on top.} 38. Bd6+ Kg7 39. Bxc2 Rxc2 40. Raxc2 dxc2) 38. Nb2 (38. g4 $17 Be4 39. Nb2) 38... g5 $19 39. Bd2 $2 {[#]} (39. Nxd3 Bxd3 40. Bxc2 Rxc2 41. Raxc2 Bxc2 42. Bxg5) 39... Re5 $1 {Strongly threatening ...Re2!Black is clearly winning.} 40. Be3 (40. Nxd3 $142 Bxd3 41. Bxc2) 40... Nxe3 41. Rxc8 Ng4 {[%mdl 64] Discovered Attack} (41... Bxc8 42. Nxd3 Ng4 43. Nxe5 $17) 42. Nxd3 Bxd3 ({Not} 42... Bxc8 43. Nxe5 Nxe5 44. Bd5 $17) 43. Rc1 Nxf2 44. h4 gxh4 45. gxh4 Re4 46. Kg2 Rg4+ 47. Kf3 Be4+ 48. Ke2 Nd3 49. Rd1 Rg2+ 50. Kf1 Rg1+ (50... Rg3 $142 {( -> ...Rf3+)} 51. Ke2 Nf4+ {[%mdl 64] Discovered Attack} 52. Ke1 Re3+ 53. Kd2 Rxb3) 51. Ke2 Nc1+ {Accuracy: White = 55%, Black = 82%.} 0-1

[Event "POL-ch Women MOKATE 2020"]
[Site "Ostrow Wielkopolski"]
[Date "2020.08.04"]
[Round "1.5"]
[White "Antolak, Julia"]
[Black "Socko, Monika"]
[Result "1/2-1/2"]
[WhiteElo "2323"]
[BlackElo "2428"]
[Annotator "TA"]
[PlyCount "98"]
[EventDate "2020.08.04"]
[EventType "tourn"]
[EventCountry "POL"]
[SourceTitle "playchess.com"]
[Source "ChessBase"]
[SourceQuality "1"]

{[%evp 14,98,14,13,30,8,34,3,17,56,72,64,75,57,79,83,75,-56,-8,-7,-8,-19,-12,-30,0,-115,-105,-237,-128,-156,-110,-252,-253,-230,-228,-245,-56,-69,-74,-150,-185,-167,0,-7,-4,-65,-57,-57,-57,-60,-57,-56,-60,-59,-56,-64,-39,-21,0,0,0,0,0,0,0,0,0,0,0,0,0,0,0,0,0,0,0,0,0,0,0,0,0,0,0,0,0]} 1. e4 c5 2. Nf3 Nc6 3. d4 cxd4 4. Nxd4 g6 5. Nc3 Bg7 6. Be3 Nf6 7. Bc4 O-O 8. Bb3 Re8 {B35: Sicilian: Accelerated Dragon with 5 Nc3: main line.} 9. f3 (9. O-O {keeps more tension.} d6 10. h3 a6 11. f4 Na5 12. Qf3) 9... e6 10. f4 {[#]} Nxd4 $146 ({Predecessor:} 10... d6 11. Ndb5 Bf8 12. Qf3 a6 13. Nd4 Na5 14. O-O b5 15. f5 exf5 16. exf5 Bb7 17. Bxf7+ Kxf7 {½-½ (39) Navara,D (2745)-Mamedov,R (2704) Shamkir 2018}) 11. Bxd4 d5 12. e5 Nd7 13. Qf3 a5 14. O-O-O b5 15. Nxd5 (15. Nxb5 $16 a4 16. Bc4 {[%mdl 64] Pin}) 15... Bb7 {[%mdl 64] Pin} 16. Nf6+ $1 Qxf6 $1 17. Qxb7 Qxf4+ 18. Kb1 {And now Rhf1 would win.} Nxe5 {Threatens to win with ...a4.} 19. g3 (19. Rhf1 $1 $11 {remains equal.} Qxh2 20. Rde1) 19... Qg5 $17 20. a4 (20. Rde1 $17 {is a better defense.}) 20... bxa4 (20... Rab8 $19 21. Qa6 bxa4 22. Bxa4 Rec8) 21. Bxa4 Reb8 22. Qc7 (22. Qe4 $17) 22... Rc8 $1 $19 {[%cal Rc8c7]} 23. Qb7 Rab8 24. Qa7 Nc4 $2 ({Better is} 24... Nf3 $19 25. Bxg7 Kxg7) 25. Rhf1 $1 $15 ({Don't go for} 25. Bxg7 $2 Kxg7 26. Bb3 Nd2+ 27. Rxd2 Qxd2 $19) 25... Bxd4 26. Qxf7+ (26. Rxd4 $17 Ne5 27. Rdf4) 26... Kh8 $19 27. Rxd4 {[#]} Rxb2+ $2 (27... Qe5 $1 $19 28. Qf6+ Qxf6 29. Rxf6 Rb4) 28. Ka1 $132 {[%mdl 2048] White threatens Rd7 and mate. White is fighting back} Qe5 {[#]} 29. Qf6+ ({White should try} 29. Be8 $1 $11 {[%mdl 512]} Rb1+ 30. Rxb1 Qxd4+ 31. Ka2) 29... Qxf6 $15 30. Rxf6 {Black must now prevent Bb3.} Rb4 31. Bb3 $1 a4 32. Bxc4 Rbxc4 33. Rxc4 Rxc4 {[%mdl 4096] Endgame KR-KR} 34. Kb2 Re4 35. Rf4 Rxf4 {The position is equal.} 36. gxf4 g5 37. fxg5 $11 {K3P-K3P} e5 38. c4 $1 {[%cal Rc4c5]} Kg8 (38... e4 $5 39. c5 $8 e3 $11) 39. c5 Kf8 {Hoping for ...e4.} 40. c6 {Threatening mate with c7.} Ke7 {Strongly threatening ...e4.} 41. c7 Kd7 42. h4 $1 {[%cal Rh4h5] aiming for h5.} e4 (42... Kxc7 $5 43. h5 $8 e4 $11) 43. h5 e3 44. g6 hxg6 45. hxg6 {White wants to mate with g7.} e2 46. g7 e1=Q {[#] ( -> ...Qg3!)} 47. c8=Q+ $1 {[%mdl 576] Decoy} Kxc8 48. g8=Q+ Kb7 49. Qd5+ Kb6 {Accuracy: White = 69%, Black = 80%.} 1/2-1/2

[Event "POL-ch Women MOKATE 2020"]
[Site "Ostrow Wielkopolski"]
[Date "2020.08.05"]
[Round "2.1"]
[White "Kucharska, Honorata"]
[Black "Kubicka, Anna"]
[Result "1/2-1/2"]
[WhiteElo "2113"]
[BlackElo "2256"]
[Annotator "TA"]
[PlyCount "63"]
[EventDate "2020.08.04"]
[EventType "tourn"]
[EventCountry "POL"]
[SourceTitle "playchess.com"]
[Source "ChessBase"]
[SourceQuality "1"]

{[%evp 21,63,16,24,0,0,0,36,20,27,16,31,46,154,185,187,200,183,166,244,257,268,259,240,248,251,247,450,454,446,60,68,60,64,42,33,36,74,18,16,12,17,0,19,0]} 1. d4 c5 2. d5 e6 3. c4 exd5 4. cxd5 d6 5. Nc3 Nf6 6. e4 g6 7. f4 Bg7 8. Bb5+ Nfd7 9. Nf3 O-O 10. O-O a6 11. Bd3 b5 12. Qe1 {A67: Modern Benoni: Taimanov Variation.} Re8 13. Qg3 c4 14. Bc2 {White is slightly better.} Nc5 15. f5 b4 16. Na4 Nxe4 ({Black should play} 16... Nbd7 $14) 17. Bxe4 $16 Rxe4 18. Ng5 $1 {[#]} Bxf5 $146 ({Predecessor:} 18... Rd4 19. fxg6 fxg6 20. Nf7 Qc7 21. Bh6 Rg4 22. Qf3 Bd4+ 23. Be3 Bg7 24. Nh6+ Bxh6 25. Bxh6 {1-0 (25) Jodorcovsky,P (1796)-Centurion,E (1852) Asuncion 2020}) 19. Rxf5 gxf5 (19... Re7 {was called for.}) 20. Nxe4 $18 fxe4 {[#]} 21. Bh6 $1 {[%csl Gh6][%cal Rg3g7]} Qf6 22. Bxg7 {[%mdl 64] Overworked Piece} Qxg7 23. Qxd6 c3 $2 (23... Qd4+ {is a better defense.} 24. Kh1 Nd7) 24. bxc3 bxc3 {[#] And now ...Nd7! would win.} 25. Qd8+ $2 (25. Nb6 $1 $18 {[%cal Rb6a8]} Qd4+ 26. Kh1) 25... Qf8 $14 26. Qc7 {aiming for Nb6.} c2 $1 27. Qxc2 {Black must now prevent Qc7.} Nd7 $1 28. Qxe4 Re8 29. Qg4+ (29. Qf4 $16) 29... Qg7 $11 {The position is equal.} 30. Qxg7+ Kxg7 31. Rd1 Re3 32. Nb2 {Black escapes into a draw. Accuracy: White = 80%, Black = 61%.} 1/2-1/2

[Event "POL-ch Women MOKATE 2020"]
[Site "Ostrow Wielkopolski"]
[Date "2020.08.05"]
[Round "2.2"]
[White "Waszczuk, Patrycja"]
[Black "Cyfka, Karina"]
[Result "0-1"]
[WhiteElo "2321"]
[BlackElo "2411"]
[Annotator "TA"]
[PlyCount "164"]
[EventDate "2020.08.04"]
[EventType "tourn"]
[EventCountry "POL"]
[SourceTitle "playchess.com"]
[Source "ChessBase"]
[SourceQuality "1"]

{[%evp 14,164,16,18,44,23,14,-37,-35,-66,-72,-75,-68,-74,-84,-83,-75,-73,-74,-68,-60,-63,-37,-39,-40,-38,-22,-51,-41,-64,-34,-41,-41,-50,-41,-115,-21,-27,-30,-26,-11,-10,-11,-12,-11,-19,-12,-30,-30,-27,-14,-16,-13,-18,-7,-7,-7,-7,-12,-40,0,-6,-6,-6,-6,-6,-6,0,0,-6,-6,-27,-6,-6,0,-14,-6,-20,-20,-41,-40,-46,-48,-48,-48,-49,-50,-67,-74,-80,-72,-72,-72,-72,-55,-69,-45,-95,-99,-105,-104,-104,-97,-107,-92,-92,-96,-93,-44,-73,-25,-28,-15,-38,-41,-79,0,-13,-11,-35,-12,-117,-117,-115,-112,-179,-181,-169,-162,-236,-236,-299,-293,-283,-270,-243,-257,-479,-245,-275,-255,-253,-238,-245,-250,-226,-147,-183,-186,-289,-298,-1590,-1526]} 1. e4 e5 2. Nf3 Nc6 3. Bb5 a6 4. Ba4 Nf6 5. O-O Nxe4 6. Re1 Nc5 7. Bxc6 dxc6 8. Nxe5 Be6 {C80: Open Ruy Lopez: Sidelines and 9 Nbd2.} 9. d4 Nd7 10. Nc3 (10. Nf3 $11) 10... Nxe5 $15 {Black is slightly better.} 11. dxe5 Qxd1 {[#]} 12. Nxd1 $146 ({Predecessor:} 12. Rxd1 Be7 13. Be3 O-O 14. Rd2 Rfd8 15. Rad1 Rxd2 16. Rxd2 Bb4 17. a3 Bxc3 18. bxc3 {0-1 (67) Szukalski,A (1752)-Mazurek,J (1672) Warsaw 2020}) 12... O-O-O 13. Be3 Be7 14. f4 f6 15. exf6 Bxf6 16. c3 Rhe8 17. Nf2 b6 18. Ne4 Be7 19. Bd4 Bd5 20. Ng3 Bf8 21. b3 Bf7 22. Rxe8 Rxe8 23. Kf2 a5 24. Rd1 (24. c4 $15) 24... b5 (24... c5 $17 25. Be5 c4 26. bxc4 Bxc4) 25. Nf5 $1 $11 g6 26. Ne3 Rd8 {White must now prevent ...c5.} 27. Ke2 a4 28. bxa4 bxa4 29. c4 Be6 30. g4 Bd6 31. Rf1 Bb4 32. Rd1 Rf8 33. Rf1 Bd6 34. f5 gxf5 35. gxf5 Bf7 36. Rf2 Re8 37. Kd3 Rd8 38. Kc3 c5 39. Bf6 Re8 40. Kd3 Rg8 41. Bc3 Kd7 42. Nd5 {aiming for Nf6+.} Kc6 43. Ne3 Rg5 44. Bf6 Rg1 45. Bc3 Rh1 46. Ng4 Rd1+ 47. Kc2 Rg1 48. Ne5+ Bxe5 $1 49. Bxe5 Bxc4 $15 {[%mdl 4096] Endgame KRB-KRB} 50. Kc3 Bf7 51. Kb2 Re1 52. Bf4 Re4 53. Bd2 Kb5 54. a3 Rd4 55. Bc3 Rd3 56. Kc2 Rh3 57. Kb2 Kc4 58. f6 Re3 59. Rf4+ Kd3 60. Rf2 Re8 61. Rf3+ Ke2 62. Rg3 Bg6 63. Rg2+ Kd3 64. Rg3+ {[#]} Ke2 ({Better is} 64... Kc4 $1 $17 65. Rg4+ Kd5 66. Rg5+ Kd6) 65. Rg2+ $11 Kf3 66. Rg3+ Kf2 67. f7 (67. Rg5 $11) 67... Bxf7 $17 {Black converts the advantage convincingly.} 68. Rg7 Re2+ 69. Kc1 {[#]} (69. Ka1 $17 {was worth a try.} Bc4 70. Rxc7) 69... Bg6 $1 $19 {...Rc2+ is the strong threat.} 70. Bd2 Re4 71. Bc3 (71. Kb2 $142) 71... Re3 72. Kb2 Re2+ 73. Ka1 Rc2 74. Be5 c6 75. Ra7 $2 (75. Rc7) 75... Rc4 (75... c4 $142 {Strongly threatening ...c3.} 76. Rxa4 c3 77. Rf4+ Ke2) 76. Kb2 Kg2 77. Rc7 Rc2+ 78. Ka1 Be4 79. Rg7+ Kh1 80. Rg4 Re2 {Threatens to win with ...Bf5.} 81. Rh4 (81. Rg3 $142) 81... c4 82. Rh3 $2 (82. Bh8) 82... Bf5 {Accuracy: White = 68%, Black = 83%.} 0-1

[Event "POL-ch Women MOKATE 2020"]
[Site "Ostrow Wielkopolski"]
[Date "2020.08.05"]
[Round "2.3"]
[White "Majdan, Joanna"]
[Black "Zawadzka, Jolanta"]
[Result "0-1"]
[WhiteElo "2325"]
[BlackElo "2419"]
[Annotator "TA"]
[PlyCount "76"]
[EventDate "2020.08.04"]
[EventType "tourn"]
[EventCountry "POL"]
[SourceTitle "playchess.com"]
[Source "ChessBase"]
[SourceQuality "1"]

{[%evp 18,76,42,28,40,25,30,33,51,39,44,8,18,-7,-15,-14,-7,-33,-29,-29,-24,-40,-40,-41,-39,-40,-34,-31,-29,-39,-38,-29,-37,-31,-20,-21,-47,-34,-17,-31,-27,-76,-9,-38,-42,-36,-51,-164,-165,-173,-77,-181,-174,-225,-230,-217,-222,-229,-226,-298,-301]} 1. e4 e5 2. Nf3 Nc6 3. Bb5 a6 4. Ba4 Nf6 5. O-O b5 6. Bb3 Bc5 7. a4 Bb7 8. d3 d6 9. Nc3 b4 {9...Na5 is vanishing.} 10. Ne2 h6 {C78: Ruy Lopez: Archangelsk and Möller Defences.} 11. c3 bxc3 12. bxc3 {[#]} O-O $146 {White is slightly better.} ({Predecessor:} 12... Ba7 13. Bxf7+ Kxf7 14. Qb3+ Ke8 15. Qxb7 Ne7 16. Qb1 Qd7 17. d4 Ng6 18. Ng3 Rf8 {1-0 (54) Lindberg,B (2390)-Jeet,J (2212) Stockholm 2019}) 13. a5 Rb8 14. Bc4 Ne7 15. Qc2 Ng6 16. Ng3 d5 17. exd5 Bxd5 18. Bxd5 Qxd5 19. d4 exd4 {aiming for ...d3.} 20. cxd4 Bd6 21. Nf5 Rb5 22. Ne3 Qh5 23. Ba3 Nf4 24. Bxd6 cxd6 25. Qc6 Rxa5 26. Rxa5 Qxa5 27. Qxd6 Ne2+ 28. Kh1 Rd8 29. Qe7 {[#] Nc4 is the strong threat.} Re8 (29... Nxd4 $17 30. Ne5 Rf8) 30. Qb7 Qb5 $36 {[%mdl 2048] White is under pressure.} 31. Qxb5 axb5 32. Rb1 (32. g3 $15) 32... Ne4 $19 {[%cal Re4f2] [#]} 33. g3 Nxf2+ 34. Kg2 Nc3 ({Much less strong is} 34... Rxe3 35. Kxf2 Re4 36. Nd2 $15) 35. Rf1 (35. Rc1 {keeps fighting.} Nfe4 36. Rc2) 35... Nd3 36. Ne5 Nxe5 37. dxe5 Rxe5 38. Kf3 b4 {Accuracy: White = 62%, Black = 92%.} 0-1